Szczegóły MARC21

100/XX : antologia polskiego reportażu XX wieku. T. 1, 1901-1965 /

003 -Nazwa inst., której nr kontr. jest w polu 001 [,]
    • @
    • Nazwa instytucji, której n kontrolny jest w polu 001
    • NUKAT
005 -DATA I CZAS OSTATNIEJ MODYFIKACJI [,]
    • @
    • pole kontrolne
    • 20241231095643.0
020 -Międzynarod. znormalizowany nr książki - ISBN [ , ]
    • a
    • Numer ISBN
    • 9788375365740 Find
    • q
    • Dopowiedzenie
    • t. 1
020 -Międzynarod. znormalizowany nr książki - ISBN [ , ]
    • a
    • Numer ISBN
    • 9788375367232 Find
    • q
    • Dopowiedzenie
    • komplet
040 -Instytucja sporządzająca opis [ , ]
    • a
    • Instytucja, która sporządziła opis (NP)
    • KR 306/AR
    • c
    • Instytucja, która sporządziła rekord (NP)
    • KR 306/AR
    • d
    • Instytucja, która zmodyfikowała rekord (P)
    • KR 306/ID
    • d
    • Instytucja, która zmodyfikowała rekord (P)
    • GD U/Doros
942 -Rodzaj dokumentu [ , ]
    • c
    • Rodzaj dokumentu
    • Książka
245 -Strefa tytułu i oznaczenia odpowiedzialności [0,0]
    • a
    • Tytuł
    • 100/XX : Find
    • b
    • Ciąg dalszy tytułu (NP)
    • antologia polskiego reportażu XX wieku. Find
    • n
    • Oznaczenie części (P)
    • T. 1,
    • p
    • Nazwa części (P)
    • 1901-1965 /
    • c
    • Pozostałe elementy strefy tytułu i oznaczenia odpowiedzialności (NP)
    • pod red. Mariusza Szczygła.
246 -Wariant tytułu [3, ]
    • a
    • Tytuł (NP)
    • Sto/dwadzieścia
246 -Wariant tytułu [3,0]
    • a
    • Tytuł (NP)
    • Antologia polskiego reportażu XX wieku
246 -Wariant tytułu [3,0]
    • a
    • Tytuł (NP)
    • Antologia polskiego reportażu dwudziestego wieku
260 -Strefa adresu wydawniczego [ , ]
    • a
    • Miejsce wydania (P)
    • Wołowiec :
    • b
    • Nazwa wydawcy (P)
    • Wydawnictwo Czarne,
    • c
    • Data wydania (P)
    • 2014.
300 -Strefa opisu fizycznego [ , ]
    • a
    • Określenie formy książki i/lub objętość (NP)
    • 871, [1] s. ;
    • c
    • Format (NP)
    • 25 cm.
336 -Typ zawartości [ , ]
    • a
    • Termin opisujący typ zawartości
    • Tekst
    • b
    • Kod określający zawartość
    • txt
    • 2
    • Źródło (terminu i kodu)
    • rdacontent
337 -Typ mediów [ , ]
    • a
    • Tryb odtwarzania
    • Bez urządzenia pośredniczącego
    • b
    • Kod typu mediów
    • n
    • 2
    • Źródło (terminu i kodu)
    • rdamedia
338 -Typ/rodzaj nośnika [ , ]
    • a
    • Hasło opisujące typ nośnika
    • Wolumin
    • b
    • Kod typu nośnika
    • nc
    • 2
    • Źródło (terminu i kodu)
    • rdacarrier
504 -Uwaga dot. bibliogr. załącznikowej [ , ]
    • a
    • Uwaga dot. bibliografii załącznikowej
    • Bibliogr. s. 864-869.
080 -Uniwersalna Klasyfikacja Dziesiętna [ , ]
    • 2
    • Identyfikator wydania tablic
    • UDC-P058
    • 9
    • UKD
    • 8946
    • a
    • Symbol klasyfikacji
    • 821.162.1-92
    • b
    • Dopowiedzenie
    • Literatura polska. - Publicystyka. Reportaże. Pisma polemiczne. Felietony. Pamflety.
    • 4
    • UKD2
    • 8230
    • x
    • Poddział wspólny
    • "19"
    • c
    • Dopowiedzenie poddz. wspólnego
    • Wiek XX.
    • 4
    • UKD2
    • 8450
    • x
    • Poddział wspólny
    • (082.2)
    • c
    • Dopowiedzenie poddz. wspólnego
    • (Antologie. Wypisy (różnych autorów). Cytaty. Fragmenty).
655 -Hasło w funkcji tematu formalnego [ ,7]
    • a
    • Hasło
    • Reportaż
    • z
    • Określnik geograficzny
    • Polska
    • y
    • Określnik chronologiczny
    • 20 w.
    • v
    • Określnik formy
    • antologie.
    • 2
    • Źródło terminu
    • kaba
    • 9
    • KHW
    • 387439
980 -Symbol UKD [ , ]
    • a
    • UKD
    • 821.162.1-2(082.2)"19"
700 -Hasło dodatkowe - nazwa osobowa [1, ]
    • a
    • Nazwa osobowa (NP)
    • Szczygieł, Mariusz Find
    • d
    • Daty biograficzne (NP)
    • (1966- ).
    • e
    • Określenie rodzaju współpracy
    • Red.
    • 9
    • KHW
    • 53487
710 -Hasło dodatkowe - nazwa ciała zbiorowego [2, ]
    • a
    • Nazwa ciała zbiorowego lub nazwa geograficzna jako pierwszy element (NP)
    • Wydawnictwo Czarne.
    • 4
    • Kod relacji
    • pbl
    • 9
    • KHW
    • 53490
920 -ISBN [ , ]
    • a
    • ISBN
    • 978-83-7536-574-0 Find
    • q
    • Dopowiedzenie
    • t. 1
920 -ISBN [ , ]
    • a
    • ISBN
    • 978-83-7536-723-2 Find
    • q
    • Dopowiedzenie
    • komplet
Sygnatura Lokalizacja Data inwentaryzacji Status udost. Numer tomu Numer inwentarzowy
 BG2014-06-17-3Tom 1, 1901-1965WM.16072
POL. Antologie 09BM2014-04-171Tom 1, 1901-1965P.24458